000 00598nam a2200121Ia 4500
008 220620s9999||||xx |||||||||||||| ||und||
100 _aMahood, Linda
245 0 _aPolicing Gender, Class And Family In Britain, 1800-1945
546 _aEnglish[eng]
650 _aindustrial||schools||national||vigilance||association||day||residential||school||magdalene||asylum
856 _uhttps://library.oapen.org/bitstream/20.500.12657/24161/1/1005970.pdf||https://library.oapen.org/bitstream/20.500.12657/24161/1/1005970.pdf||https://library.oapen.org/bitstream/20.500.12657/24161/1/1005970.pdf
942 _cEB
999 _c25082
_d25082